000 007220000a22002170004500
003 LK-CoMWRAF
008 230817t1991 ||||| |||| 00| 0 eng d
040 _aLK-CoMWRAF
_dLK-CoMWRAF
_eLK-CoMWRAF
041 _aeng
082 _a323.352
_bRIG
111 _aWORKSHOP ON THE RIGHTS OF THE GIRL CHILD
_c(Madras,
_dFebruary 14-15, 1990)
245 _a An Anatomy of girl child
260 _aMadras:
_bCampaign for the Rights of the Girl Child,
_c1991
300 _a xiv, 168 p. ; 22 cm
650 _aCHILDREN'S RIGHTS- India -Congresses
650 _a Female Infanticide
650 _aSex discrimination
700 _aWilliams, James Arputharaj
_eed.
710 _aCampaign for the Rights of the Girl Child
942 _cCP
999 _c1745
_d1745